000 00369nam a2200133Ia 4500
008 151001s9999||||xx |||||||||||||| ||und||
100 _aदयानंद बहोटी
245 _aसाहित्य और सामाजिक क्रांती
250 _a2
260 _bआतिश
260 _c2001
300 _a80
365 _b21
999 _c977908
_d977905